C++ from scratch / (Record no. 179323)
[ view plain ]
| 000 -LEADER | |
|---|---|
| fixed length control field | 01075 a2200205 4500 |
| 003 - CONTROL NUMBER IDENTIFIER | |
| control field | Nust |
| 005 - DATE AND TIME OF LATEST TRANSACTION | |
| control field | 20220817093529.0 |
| 010 ## - LIBRARY OF CONGRESS CONTROL NUMBER | |
| LC control number | 99061917 |
| 020 ## - INTERNATIONAL STANDARD BOOK NUMBER | |
| International Standard Book Number | 8120316312 |
| 040 ## - CATALOGING SOURCE | |
| Transcribing agency | Nust |
| 082 00 - DEWEY DECIMAL CLASSIFICATION NUMBER | |
| Classification number | 005.133,LIB |
| 100 1# - MAIN ENTRY--PERSONAL NAME | |
| Personal name | Liberty, Jesse. |
| 9 (RLIN) | 56830 |
| 245 10 - TITLE STATEMENT | |
| Title | C++ from scratch / |
| Statement of responsibility, etc. | Jesse Liberty. |
| 260 ## - PUBLICATION, DISTRIBUTION, ETC. | |
| Place of publication, distribution, etc. | Indianapolis, Ind. : |
| Name of publisher, distributor, etc. | Que, |
| Date of publication, distribution, etc. | c1999. |
| 300 ## - PHYSICAL DESCRIPTION | |
| Extent | ix, 417 p. : |
| Other physical details | ill. ; |
| Dimensions | 23 cm. + |
| Accompanying material | 1 computer optical disc (4 3/4 in.) |
| 440 #0 - SERIES STATEMENT/ADDED ENTRY--TITLE | |
| Title | Jesse Liberty's from scratch programming series |
| 9 (RLIN) | 97531 |
| 505 ## - FORMATTED CONTENTS NOTE | |
| Formatted contents note | Introduction (Page-1), An Introductions to C++ (Page-5), Getting Started (Page-27), Program Flow (Page-53), Greeting Classes (Page-71), Playing the Game (Page-95), Using Linked Lists (Page-137), The Canonical Methods (Page-173), Using Polymorphism (Page-203), Leveraging the Standard Template Library (Page-253), The Computer Guesses (Page-271) Delegating Responsibility (Page-299), Persistence (Page-331), Introduction Exceptions (Page-373), Next Steps (Page-391). |
| 650 #0 - SUBJECT ADDED ENTRY--TOPICAL TERM | |
| Topical term or geographic name entry element | C++ (Computer program language) |
| 942 ## - ADDED ENTRY ELEMENTS (KOHA) | |
| Source of classification or shelving scheme | |
| Koha item type | Book |
| Call number prefix | 005.133,LIB |
| Withdrawn status | Lost status | Source of classification or shelving scheme | Damaged status | Not for loan | Permanent Location | Current Location | Shelving location | Date acquired | Total Checkouts | Full call number | Barcode | Date last seen | Date last checked out | Price effective from | Koha item type | Public note |
|---|---|---|---|---|---|---|---|---|---|---|---|---|---|---|---|---|
| Military College of Signals (MCS) | Military College of Signals (MCS) | General Stacks | 12/12/2016 | 2 | 005.133,LIB | MCS31794 | 11/08/2024 | 10/24/2024 | 12/12/2016 | Book | Almirah No.5 , Shelf No.1 |
